00833nam a2200205 a 4500001001000000003000900010005001700019007000300036008004100039040002500080082002000105110006300125245022000188260003300408300002600441700002300467700004100490700003300531710006300564000038017DO-SdBNP20250221073755.0ta130312s2009 dr a r 000 0 spa d aDO-SdBNPbspacBNPHU axxxxbR426d2221 aRepública Dominicana.bOficina Nacional de Estadística00aDiagnóstico de la situación habitacional y disponibilidad de servicios en las viviendas de la República Dominicana /cRevisión y edición de informe Pablo Tactuk, Francisco Cáceres, Mildred G. Martínez. aSanto Domingo :bONE,c2009. a65 p :bil. ;c23 cm. aTactuk, Pabloeed.1 aCáceres Ureña, Francisco I.eed.1 aMartínez, Mildred G.,eed.1 aRepública Dominicana.bOficina Nacional de Estadística